Statystyki dla Piłkarskie skróty państw na mundialu

Kliknij tutaj aby rozwiązać quiz!

Ogólne statystyki

  • Ten quiz został rozwiązany 234 razy
  • Średni wynik to 30 z 32

Statystyki odpowiedzi

SkrótOdpowiedź% Poprawnych
POLPolska
100%
ARGArgentyna
99%
AUSAustralia
99%
NEDHolandia
99%
QATKatar
99%
GERNiemcy
99%
USAStany Zjednoczone
99%
ENGAnglia
98%
JPNJaponia
98%
PORPortugalia
98%
BELBelgia
97%
BRABrazylia
97%
ESPHiszpania
97%
TUNTunezja
97%
WALWalia
97%
SRBSerbia
96%
URUUrugwaj
96%
DENDania
95%
FRAFrancja
95%
SENSenegal
95%
MARMaroko
94%
MEXMeksyk
94%
CROChorwacja
93%
GHAGhana
93%
CANKanada
93%
KORKorea Południowa
93%
ECUEkwador
91%
IRNIran
87%
KSAArabia Saudyjska
86%
SUISzwajcaria
85%
CMRKamerun
83%
CRCKostaryka
63%

Rozkład punktacji

Percentyl według liczby udzielonych odpowiedzi

Procent ludzi z każdym wynikiem

Twoja historia wyników

Nie rozwiązałeś tego quizu